LEADER 02034nam 2200577 450 001 9910480701803321 005 20180731043853.0 010 $a1-4704-0725-6 035 $a(CKB)3360000000464496 035 $a(EBL)3113777 035 $a(SSID)ssj0000889162 035 $a(PQKBManifestationID)11449084 035 $a(PQKBTitleCode)TC0000889162 035 $a(PQKBWorkID)10876267 035 $a(PQKB)11471324 035 $a(MiAaPQ)EBC3113777 035 $a(PPN)195411935 035 $a(EXLCZ)993360000000464496 100 $a20140902h19841984 uy 0 101 0 $aeng 135 $aur|n|---||||| 181 $ctxt 182 $cc 183 $acr 200 10$aQualitative analysis of the anisotropic Kepler problem /$fJosefina Casasayas and Jaume Llibre 210 1$aProvidence, Rhode Island :$cAmerican Mathematical Society,$d1984. 210 4$d©1984 215 $a1 online resource (126 p.) 225 1 $aMemoirs of the American Mathematical Society,$x0065-9266 ;$vVolume 52, Number 312 300 $a"November 1984, Volume 52, Number 312 (second of 3 numbers)." 311 $a0-8218-2309-4 320 $aIncludes bibliographical references. 327 $a""(IV.7) A subshift as subsystem of h""""(IV.8) Gutzwiller's Theorem""; ""V: THE FLOW ON NEGATIVE ENERGY LEVELS WHEN 19/8""; ""APPENDIX""; ""REFERENCES"" 410 0$aMemoirs of the American Mathematical Society ;$vVolume 52, Number 312. 606 $aDifferential equations 606 $aDifferentiable dynamical systems 606 $aHamiltonian systems 608 $aElectronic books. 615 0$aDifferential equations. 615 0$aDifferentiable dynamical systems. 615 0$aHamiltonian systems. 676 $a515.3/5 700 $aCasasayas$b Josefina$f1957-$0876710 702 $aLlibre$b Jaume 801 0$bMiAaPQ 801 1$bMiAaPQ 801 2$bMiAaPQ 906 $aBOOK 912 $a9910480701803321 996 $aQualitative analysis of the anisotropic Kepler problem$91957592 997 $aUNINA LEADER 01843nam0-2200289 --450 001 9911039627103321 005 20251117103707.0 010 $a9791254699997 100 $a20251117d2025----kmuy0itay5050 ba 101 0 $aita$aeng$afre 102 $aIT 105 $a 001yy 200 1 $aQuantum valet$ei valori della moda nei secoli 13.-14.$fa cura di Elisa Tosi Brandi 210 $aRoma$cViella$d2025 215 $a342 p.$d21 cm 225 1 $a<>libri di Viella$v540 330 $aQuale impatto ebbe la moda nei primi due secoli della sua comparsa? Questo volume risponde alla domanda esplorando i valori economici, politici, sociali e culturali che il fenomeno assunse nei secoli XIII e XIV. Attraverso un?indagine comparativa che coinvolge le cittą dell?Italia centrosettentrionale, il Regno di Napoli, la Normandia e i regni della Penisola iberica, i saggi qui raccolti dimostrano come la moda rappresenti una lente per interpretare la societą tardomedievale. L?analisi di un ricco corpus di fonti documentarie ne rivela infatti la pervasivitą, aprendo nuove prospettive di ricerca sull?esame di prezzi, salari, consumi, innovazioni, dinamiche produttive e commerciali nei settori del tessile e del cuoio. Grazie a un inedito approccio di studio, questo volume contribuisce ad arricchire la conoscenza di fenomeni cruciali per lo sviluppo economico e sociale europeo, svelando il ruolo e i valori che tessuti, vesti e calzature occuparono nella vita delle persone e nell?economia delle cittą. (Fonte: editore) 610 0 $aModa$aSec. 13.-14. 676 $a391.00902$v23 702 1$aTosi Brandi,$bElisa 801 0$aIT$bUNINA$gREICAT$2UNIMARC 901 $aBK 912 $a9911039627103321 952 $a306.12 BRAN 01$b2025/3680$fFLFBC 959 $aFLFBC 996 $aQuantum valet$94456943 997 $aUNINA